000 00436nam a22001697a 4500
003 IT-RoPau
005 20220918175943.0
008 130301b xxu||||| |||| 00| 0 eng d
040 _cIT-RoPau
100 _4AA.VV.
_aFamiglia Paolina
_998
245 _aSan Paolo 1981
_bBollettino informativo SSP
250 _a1° ed.
260 _aRoma
_bCasa Generalizia SSP
_c1981
300 _c29,5 cm
500 _aMarzo 1981.
942 _2ddc
_cCR
999 _c38176
_d38176